000
00323nam a22001337a 4500
008
170831b xxu||||| |||| 00| 0 eng d
020
_a
2900312455865
041
_a
eng
080
_a
070
100
_a
40
101
_a
MED
245
_a
MEDIA & CULTURE AN INTRODUCTION TO MASS COMMUNICATION
_c
CAMPBELL,R
942
_2
udc
_c
BK
999
_c
25830
_d
25830